000 01563nam a2200433 c 4500
999 _c50125
_d50125
001 50125
003 ES-MaCES
005 20171027142330.0
007 cr |||||||||||
008 171023s2017 uk r o000 ||eng d
040 _aES-MaCES
_bspa
_cES-MaCES
100 1 _938653
_aSalva-Mut, Francesca
245 0 0 _aNEETs in Spain
_b: an analysis in a context of economic crisis
_cFrancesca Salvà-Mut, María Tugores-Ques & Elena Quintana-Murci
260 _a[London]
_bRoutledge
_c2017
300 _a16 p.
_c30 cm
_e1 documento pdf (1,19 mb)
500 _aEn International journal of lifelong education. Published online, 26 sept 2017
500 _aResumen
504 _aBibliografía: p. 15-16
541 _cGratuito
650 4 _ajuventud
_928522
650 4 _aabandono de estudios
_927437
650 4 _adeserción escolar
_927401
650 4 _anivel educativo
_927448
650 4 _anivel de calificación
_929952
650 4 _atransición a la vida profesional
_929447
650 4 _ainserción profesional
_929942
650 4 _aempleo de jóvenes
_929982
650 4 _adesempleo de jóvenes
_929983
650 4 _acrisis económica
_927102
650 4 _930732
_aevaluación del impacto
650 4 _926964
_aEspaña
653 1 0 _aEmpleo
700 1 _aTugores-Ques, María
_938657
700 1 _aQuintana-Murci, Elena
_938654
740 0 2 _aInternational journal of lifelong education
856 4 _uhttp://biblioteca.ces.es/repintra/B50125.pdf
_ytexto completo
_z[intranet]
902 _aDOC Literatura gris
942 _2CES
_cBK
_h2.1.